| 000 | 01598nam0a22002531 4500 | ||
|---|---|---|---|
| 001 | rc\3301080 | ||
| 005 | 20250609174508.0 | ||
| 035 | _a(NLR Aleph) 007408862 | ||
| 090 |
_a6793440 _c6793440 |
||
| 100 | _a20130115d1974 |||y0rusy50 ca | ||
| 101 | 0 | _arus | |
| 102 | _aRU | ||
| 105 | _ay d ||||| | ||
| 200 | 1 |
_aРефераты доклада и выступлений на научно-практической конференции "XXIV съезд партии, декабрьский (1973 г.) Пленум ЦК КПСС об утверждении партийного стиля работы во всех звеньях народного хозяйства, о совершенствовании партийного руководства хозяйственным и культурным строительством". Июнь 1974 г., г. Москва _fКабинет орг.-парт. работы Тушин. РК КПСС |
|
| 210 |
_a[Москва _cБ. и. _d1974] |
||
| 215 |
_a31 с. _d21 |
||
| 333 | _aДля служебного пользования. Экз. № 4 | ||
| 710 | 1 | 2 |
_a"XXIV съезд партии, декабрьский (1973 г.) Пленум ЦК КПСС об утверждении партийного стиля работы во всех звеньях народного хозяйства", научно-практическая конференция _eМосква _f1974 _9512112 _3RU\NLR\AUTH\880423693 |
| 801 | 0 |
_aRU _bNLR _gpsbo |
|
| 801 | 1 |
_aRU _bELAR _2rusmarc |
|
| 852 |
_aNLR _j74-50К/3326 |
||
| 942 | _cBOOK | ||
| 980 | _aNB | ||